000 00794nam a2200253 i 4500
001 76627
003 ES-MaACL
005 20250905155042.0
007 t|
008 041004s1970 sp af |||| | spa d
080 _a582.3/.9
080 _a58
100 1 _aGuillaumin, André.
_960735
245 1 3 _aLa vida de las plantas /
_cAndré Guillaumin, Fernand Moreau, Claude Moreau ; [traducción por Emilio Guinea].
260 _aBarcelona :
_bLabor,
_c[1970]
300 _a590 p., 36 lám. :
_bil. ;
_c28 cm.
650 7 _aPlantas
_2embne
_9146656
650 7 _aBotánica
_2embne
_910610
700 1 _aMoreau, Fernand.
_983207
700 1 _aMoreau, Claude.
_983204
700 1 _aGuinea López, Emilio,
_d1907-1985
_960863
852 4 _aES-MaACL
_jC-29822
999 _c76627
_d76627